[Event "Tournament: Southend SCCU U18 ch."]
[Site "?"]
[Date "1969.04.07"]
[Round "?"]
[White "Thorogood, J."]
[Black "Stebbings, A."]
[Result "0-1"]
[WhiteElo "1928"]
[BlackElo "2016"]
[PlyCount "88"]
[EventDate "1969.??.??"]

1. e4 c5 2. Nf3 Nc6 3. d4 cxd4 4. Nxd4 g6 5. Nc3 Bg7 6. Be3 Nf6 7. Bc4 Qa5 8.
f3 Nxe4 9. fxe4 Qb4 10. Nxc6 Bxc3+ 11. Bd2 Bxd2+ 12. Qxd2 Qxc4 13. Nd4 e5 14.
Ne2 Qxe4 15. O-O O-O 16. Rae1 Qc6 17. Nc3 d6 18. Ne4 f5 19. Qxd6 Qxd6 20. Nxd6
e4 21. c3 Be6 22. a3 b6 23. Nb5 Bc4 24. Nd4 Bxf1 25. Kxf1 Kf7 26. Kf2 Rfe8 27.
Ke3 Kf6 28. Rf1 Ke5 29. Rf4 Rac8 30. g4 Rf8 31. h3 Rc5 32. Nc2 Kd5 33. gxf5
gxf5 34. Rh4 Rf7 35. Kf4 Kc4 36. Nd4 Kd3 37. Rh5 e3 38. Rg5 e2 39. Rg3+ Kd2 40.
Rg2 Re7 41. Kf3 Re3+ 42. Kf4 Kd1 43. Nc2 e1=Q 44. Nxe3+ Kc1 0-1

[Event "School match"]
[Site "?"]
[Date "1969.04.25"]
[Round "?"]
[White "Smith, AK."]
[Black "Stebbings, A."]
[Result "1/2-1/2"]
[WhiteElo "2056"]
[BlackElo "2016"]
[PlyCount "60"]
[EventDate "1969.??.??"]

1. b4 c6 2. c4 d5 3. e3 Nf6 4. Bb2 g6 5. Be2 Bg7 6. Nf3 O-O 7. O-O Nbd7 8. d4
dxc4 9. Bxc4 Nb6 10. Bb3 Nbd5 11. a3 a5 12. bxa5 Qxa5 13. Nbd2 Bf5 14. Rc1 Ne4
15. Nxe4 Bxe4 16. Nd2 Nf6 17. Nxe4 Nxe4 18. f3 Nd6 19. Rc5 Qb6 20. Kh1 Rfd8 21.
Qc2 Nf5 22. Re1 Ra5 23. Rxa5 Qxa5 24. Bc3 Qxa3 25. g4 Nh6 26. Kg2 e6 27. Ra1
Qd6 28. Ba5 Ra8 29. Bb4 Qd8 30. Rxa8 Qxa8 1/2-1/2

[Event "Tournament: Essex U18 ch."]
[Site "Ilford"]
[Date "1969.07.12"]
[Round "?"]
[White "Stebbings, A."]
[Black "Harbott, P."]
[Result "1-0"]
[WhiteElo "2040"]
[BlackElo "1864"]
[PlyCount "69"]
[EventDate "1969.??.??"]

1. d4 Nf6 2. c4 e6 3. Nc3 Bb4 4. e3 c6 5. Nge2 d5 6. a3 Ba5 7. Ng3 Nbd7 8. cxd5
exd5 9. b4 Bc7 10. Bd3 Nb6 11. b5 cxb5 12. Nxb5 a6 13. Nxc7+ Qxc7 14. O-O Be6
15. Rb1 Nc8 16. a4 h5 17. Qb3 b6 18. Bxa6 h4 19. Ne2 Ng4 20. f4 Rb8 21. Bb5+
Ke7 22. Ba3+ Kf6 23. Rbc1 Qd8 24. Rc6 Na7 25. Rd6 Qc7 26. f5 Nxb5 27. fxe6+ Kg5
28. Qxd5+ Kg6 29. Qf5+ Kh6 30. axb5 Nxe3 31. Qf4+ g5 32. Qxe3 fxe6 33. Qxe6+
Kh5 34. Qg6+ Kg4 35. h3# 1-0

[Event "Tournament: Essex U18 ch."]
[Site "Ilford"]
[Date "1969.07.12"]
[Round "?"]
[White "Stebbings, A."]
[Black "Peacock, B."]
[Result "0-1"]
[WhiteElo "2040"]
[BlackElo "1992"]
[PlyCount "58"]
[EventDate "1969.??.??"]

1. d4 f5 2. Bg5 Nf6 3. Bxf6 exf6 4. e3 d5 5. Bd3 Bd6 6. Qf3 c6 7. Bxf5 Bxf5 8.
Qxf5 O-O 9. Ne2 Qc7 10. Ng3 Nd7 11. O-O Rae8 12. Nd2 g6 13. Qd3 f5 14. Rfe1 Nf6
15. Ngf1 Nh5 16. f3 Qe7 17. Re2 Nf4 18. exf4 Qxe2 19. Qxe2 Rxe2 20. g3 Rfe8 21.
Rd1 Kf7 22. Rc1 b6 23. Nb3 c5 24. dxc5 bxc5 25. Nbd2 c4 26. c3 Bc5+ 27. Kh1 Be3
28. Rd1 Bxd2 29. Nxd2 Re1+ 0-1

[Event "Tournament: Essex U18 ch."]
[Site "Ilford"]
[Date "1969.07.19"]
[Round "?"]
[White "Stebbings, A."]
[Black "Marx, P."]
[Result "1-0"]
[WhiteElo "2040"]
[BlackElo "2016"]
[PlyCount "97"]
[EventDate "1969.??.??"]

1. d4 b5 2. e4 Bb7 3. f3 a6 4. c4 bxc4 5. Bxc4 e6 6. Qb3 Qc8 7. Ne2 c5 8. d5
exd5 9. Bxd5 Bxd5 10. Qxd5 Nc6 11. Bg5 f6 12. Bf4 Nb4 13. Qd2 Ne7 14. a3 Nbc6
15. Bd6 Ng6 16. Nbc3 Na5 17. Bxf8 Nxf8 18. Qd5 Qc6 19. Nf4 Rb8 20. O-O-O Qb6
21. Nd3 Ne6 22. Kb1 Ke7 23. Na4 Qc6 24. Ndxc5 Qxd5 25. Rxd5 Nc4 26. Rxd7+ Ke8
27. Rb7 Rxb7 28. Nxb7 Kf7 29. Rd1 Rb8 30. Nd6+ Nxd6 31. Rxd6 Nf4 32. g3 Ne2 33.
Rxa6 Ng1 34. Ra7+ Kg6 35. f4 Nf3 36. Nc5 Rb6 37. h4 Nd4 38. g4 Nf3 39. h5+ Kh6
40. b4 g5 41. hxg6 Kxg6 42. Kc2 f5 43. exf5+ Kh6 44. Ra6 Nd4+ 45. Kd3 Rxa6 46.
Nxa6 Nb5 47. a4 Nd6 48. b5 Nb7 49. g5+ 1-0

[Event "Tournament: Essex U18 ch."]
[Site "Ilford"]
[Date "1969.07.19"]
[Round "?"]
[White "Hatch, C."]
[Black "Stebbings, A."]
[Result "0-1"]
[WhiteElo "1960"]
[BlackElo "2040"]
[PlyCount "82"]
[EventDate "1969.??.??"]

1. e4 c5 2. f4 g6 3. Nf3 Bg7 4. Nc3 Nc6 5. Bc4 d6 6. O-O e6 7. d3 Nge7 8. Qe1
O-O 9. Bd2 a6 10. a4 Rb8 11. Kh1 Nd4 12. Nxd4 cxd4 13. Ne2 b5 14. axb5 axb5 15.
Bb3 Qb6 16. Qh4 Nc6 17. Ng3 b4 18. Ra4 Qc5 19. f5 Na5 20. f6 Bh8 21. Bh6 Re8
22. Bg7 Bxg7 23. fxg7 Nxb3 24. cxb3 e5 25. Qf6 Be6 26. h4 Rb7 27. h5 Qc2 28.
Rfa1 Qxd3 29. Kh2 Qxb3 30. hxg6 fxg6 31. Ra8 Rbb8 32. Rxb8 Rxb8 33. Ra7 d3 34.
Re7 d2 35. Rxe6 d1=Q 36. Rxd6 Qg4 37. Rd8+ Rxd8 38. Qxd8+ Kxg7 39. Qe7+ Qf7 40.
Qxe5+ Kg8 41. Qb8+ Qf8 0-1

[Event "Tournament: Essex U18 ch."]
[Site "Ilford"]
[Date "1969.07.19"]
[Round "?"]
[White "Stebbings, A."]
[Black "Spurgeon, K."]
[Result "1/2-1/2"]
[WhiteElo "2040"]
[BlackElo "1936"]
[PlyCount "72"]
[EventDate "1969.??.??"]

1. d4 g6 2. e4 Bg7 3. f4 c5 4. d5 d6 5. c4 Nf6 6. Nc3 O-O 7. Nf3 e6 8. Be2 exd5
9. cxd5 Re8 10. e5 dxe5 11. fxe5 Ng4 12. Bg5 Qa5 13. O-O Nxe5 14. Nxe5 Bxe5 15.
Bc4 Bxc3 16. bxc3 Qxc3 17. Rf4 Nd7 18. Rc1 Qe3+ 19. Kh1 Ne5 20. Qf1 Nxc4 21.
Qxc4 Qe2 22. Qxc5 Qe1+ 23. Rf1 Qe2 24. Qc7 Bf5 25. Qxb7 Rab8 26. Qc7 Rb2 27.
Qg3 Be4 28. Rfe1 Qxg2+ 29. Qxg2 Bxg2+ 30. Kg1 Rxe1+ 31. Rxe1 Bxd5 32. Bf6 Rb8
33. Re7 Bxa2 34. Rxa7 Be6 35. Kg2 Rc8 36. Kg3 h5 1/2-1/2

[Event "London league"]
[Site "?"]
[Date "1969.09.23"]
[Round "?"]
[White "Stebbings, A."]
[Black "Newton, T."]
[Result "1-0"]
[WhiteElo "2040"]
[BlackElo "1880"]
[PlyCount "107"]
[EventDate "1969.??.??"]

1. Nc3 d5 2. d4 Nf6 3. Bg5 e6 4. e4 h6 5. Bxf6 gxf6 6. exd5 exd5 7. Qf3 Be6 8.
Bd3 Nc6 9. Nge2 Bg7 10. Qg3 Bf8 11. O-O-O Bd6 12. Qf3 Nb4 13. Bf5 c6 14. Rhe1
Na6 15. Ng3 Bxg3 16. Bxe6 fxe6 17. hxg3 Kd7 18. Ne2 Nc7 19. Nf4 Qg8 20. Re3 Qg5
21. Rde1 Rae8 22. Kb1 Rhf8 23. Qh5 Qxh5 24. Nxh5 e5 25. Ng7 Re7 26. Nf5 Re6 27.
g4 exd4 28. Nxd4 Rxe3 29. Rxe3 Rf7 30. Nf5 Rh7 31. Rh3 Ne6 32. Rxh6 Rxh6 33.
Nxh6 Nf4 34. g3 Nh3 35. f4 Nf2 36. c3 Ne4 37. Nf5 Nf2 38. g5 fxg5 39. fxg5 Ne4
40. g6 Nf6 41. Nh6 Ne8 42. Nf5 Nf6 43. g7 Ng8 44. Kc2 Ke6 45. g4 Ke5 46. Kd3 c5
47. Ne3 b5 48. g5 a5 49. Ng4+ Ke6 50. Nh6 Ne7 51. g8=Q+ Nxg8 52. Nxg8 Kf5 53.
Ne7+ Kxg5 54. Nxd5 1-0

[Event "Hampshire leagues"]
[Site "?"]
[Date "1969.10.15"]
[Round "?"]
[White "Stebbings, A."]
[Black "Cowling, T."]
[Result "1-0"]
[WhiteElo "2040"]
[BlackElo "1952"]
[PlyCount "111"]
[EventDate "1969.??.??"]

1. Nc3 d5 2. d4 Nf6 3. Bg5 h6 4. Bxf6 exf6 5. e3 c6 6. Bd3 Na6 7. a3 Bd6 8. Qf3
Nc7 9. Nge2 Bd7 10. Ng3 Qe7 11. Nf5 Bxf5 12. Bxf5 Ne6 13. O-O g6 14. Bd3 f5 15.
Qd1 Qh4 16. f4 Qe7 17. Qf3 Ng7 18. Ne2 Nh5 19. c4 Nf6 20. Nc3 dxc4 21. Bxc4 O-O
22. Kh1 Rad8 23. Rfe1 Bc7 24. Re2 Rfe8 25. h3 Ne4 26. g4 fxg4 27. Qxg4 Qf6 28.
Rg1 Kh7 29. Nxe4 Rxe4 30. Bd3 Re7 31. h4 Rd5 32. h5 Rd8 33. hxg6+ fxg6 34.
Qxg6+ Qxg6 35. Rxg6 Kh8 36. Rh2 Rh7 37. Rgxh6 Rxh6 38. Rxh6+ Kg8 39. f5 Kg7 40.
Rg6+ Kf8 41. Bc4 Bd6 42. Kg2 c5 43. f6 Ke8 44. Rg7 cxd4 45. exd4 Rb8 46. f7+
Ke7 47. Rg8 b5 48. Bd5 Rf8 49. Kf3 a5 50. Kg4 Kf6 51. Kh5 a4 52. Kh6 b4 53.
Rg6+ Ke7 54. Rxd6 Kxd6 55. Kg7 Ke7 56. axb4 1-0

[Event "Hampshire leagues"]
[Site "?"]
[Date "1969.10.22"]
[Round "?"]
[White "Stebbings, A."]
[Black "Hobbs, J."]
[Result "1/2-1/2"]
[WhiteElo "2040"]
[BlackElo "1880"]
[PlyCount "62"]
[EventDate "1969.??.??"]

1. Nc3 d5 2. d4 c5 3. e4 dxe4 4. d5 Nf6 5. Be3 b6 6. Nge2 g6 7. Ng3 Bg7 8. Qd2
Ba6 9. O-O-O Bxf1 10. Rhxf1 O-O 11. Ngxe4 Nbd7 12. Bh6 Nxe4 13. Nxe4 Nf6 14.
Nxf6+ exf6 15. Bxg7 Kxg7 16. Rfe1 Qd6 17. Qe3 Rfd8 18. c4 Rd7 19. g3 a6 20. Qa3
Raa7 21. Re8 b5 22. b3 bxc4 23. bxc4 Rdb7 24. Qc3 Rb4 25. Kd2 Rab7 26. Kd3 Qd7
27. Re4 Qf5 28. Ke3 Qg5+ 29. Kf3 Qh5+ 30. Rg4 Qf5+ 31. Rf4 Qh5+ 1/2-1/2

[Event "Hampshire leagues"]
[Site "?"]
[Date "1969.11.04"]
[Round "?"]
[White "Stebbings, A."]
[Black "Lewis, D."]
[Result "1-0"]
[WhiteElo "2040"]
[BlackElo "1992"]
[PlyCount "31"]
[EventDate "1969.??.??"]

1. Nc3 Nf6 2. e4 e5 3. f4 d5 4. fxe5 Nxe4 5. d3 Nxc3 6. bxc3 Be7 7. Nf3 f6 8.
Be2 Nd7 9. exf6 Bxf6 10. d4 O-O 11. O-O Be7 12. Bd3 Nf6 13. Ne5 Ne4 14. Bxe4
Rxf1+ 15. Qxf1 dxe4 16. Qc4+ 1-0

[Event "Hampshire leagues"]
[Site "?"]
[Date "1969.11.12"]
[Round "?"]
[White "Hunt, J."]
[Black "Stebbings, A."]
[Result "0-1"]
[WhiteElo "1568"]
[BlackElo "2040"]
[PlyCount "60"]
[EventDate "1969.??.??"]

1. d4 Nf6 2. c4 e6 3. Nc3 Bb4 4. Nf3 Bxc3+ 5. bxc3 b6 6. e3 Bb7 7. Bd3 Ne4 8.
Qc2 f5 9. O-O O-O 10. Nd2 Qh4 11. f3 Nxd2 12. Bxd2 Nc6 13. e4 fxe4 14. fxe4 Na5
15. Rab1 Qg4 16. Rbe1 Rac8 17. Re3 c5 18. Rg3 Qh4 19. Bg5 Rxf1+ 20. Bxf1 Qxe4
21. Bd3 Qe1+ 22. Bf1 Be4 23. Qe2 Qxe2 24. Bxe2 cxd4 25. cxd4 Nxc4 26. Rg4 Bb1
27. a4 Bc2 28. Be7 Bxa4 29. Rf4 d5 30. Bg4 Bd7 0-1

[Event "Hampshire leagues"]
[Site "?"]
[Date "1969.11.18"]
[Round "?"]
[White "Stebbings, A."]
[Black "Barton, A."]
[Result "1-0"]
[WhiteElo "2040"]
[BlackElo "2016"]
[PlyCount "63"]
[EventDate "1969.??.??"]

1. Nc3 d5 2. d4 Nf6 3. Bg5 Bf5 4. f3 Nbd7 5. Nxd5 c5 6. Bxf6 exf6 7. e4 cxd4 8.
Qxd4 Bc5 9. Qa4 Be6 10. Ne2 O-O 11. c4 b5 12. cxb5 Bxd5 13. exd5 Be3 14. Qb3
Re8 15. Nc3 Qb6 16. Be2 Bg1 17. O-O-O Rac8 18. Rhxg1 Rxe2 19. Kb1 Re3 20. Na4
Qc7 21. Qxe3 Qc2+ 22. Ka1 Qxa4 23. Rc1 Rb8 24. Qd3 g6 25. Qc4 Qa5 26. Rgd1 Ne5
27. Qe2 Rxb5 28. d6 Rb7 29. f4 Nd7 30. Qe8+ Kg7 31. Rc7 Rxb2 32. Kxb2 1-0

[Event "Hampshire leagues"]
[Site "?"]
[Date "1969.12.01"]
[Round "?"]
[White "Stebbings, A."]
[Black "Sturman, J."]
[Result "0-1"]
[WhiteElo "2040"]
[BlackElo "1960"]
[PlyCount "62"]
[EventDate "1969.??.??"]

1. Nc3 d5 2. d4 g6 3. e4 c6 4. e5 Bg7 5. f4 f6 6. Nf3 Bg4 7. h3 Bxf3 8. Qxf3 e6
9. Ne2 Ne7 10. c3 Rf8 11. Qg4 Qc8 12. Ng1 c5 13. Nf3 Nbc6 14. exf6 Rxf6 15.
dxc5 Qd7 16. Bb5 h5 17. Qg3 Qc7 18. Ne5 O-O-O 19. Bxc6 bxc6 20. Be3 Nf5 21. Qf2
h4 22. O-O Rdf8 23. Qf3 Nxe3 24. Qxe3 Bh6 25. Qd3 Kb7 26. Nxg6 Bxf4 27. Nxh4 e5
28. b4 e4 29. Qe2 Qg7 30. Qg4 Qxg4 31. hxg4 Be3+ 0-1

[Event "London league"]
[Site "?"]
[Date "1969.12.10"]
[Round "?"]
[White "Parry, R."]
[Black "Stebbings, A."]
[Result "1/2-1/2"]
[WhiteElo "1944"]
[BlackElo "2040"]
[PlyCount "63"]
[EventDate "1969.??.??"]

1. e4 Nc6 2. d4 d5 3. Nc3 e6 4. Bb5 Bb4 5. e5 Bxc3+ 6. bxc3 Nge7 7. Ne2 a6 8.
Bd3 Nf5 9. Ba3 f6 10. Nf4 Kf7 11. g4 Nh4 12. g5 fxg5 13. Nh3 h5 14. Bc1 g4 15.
Bg5 Nf3+ 16. Qxf3+ gxf3 17. Bxd8 Rxd8 18. Ng5+ Ke7 19. Rg1 Rh8 20. Nxf3 Kf8 21.
Rb1 Na5 22. Nh4 Rh6 23. Rg6 Bd7 24. Rxh6 gxh6 25. Ke2 Be8 26. f4 c5 27. Ke3 Rc8
28. Rb6 cxd4+ 29. Kxd4 Nc6+ 30. Ke3 Rc7 31. Nf3 Ke7 32. Nd4 1/2-1/2

[Event "London league"]
[Site "?"]
[Date "1969.12.20"]
[Round "?"]
[White "Woolverton, H."]
[Black "Stebbings, A."]
[Result "1-0"]
[WhiteElo "2128"]
[BlackElo "2040"]
[PlyCount "61"]
[EventDate "1969.??.??"]

1. d4 Nf6 2. c4 e6 3. Nc3 Bb4 4. e3 b6 5. Bd3 Bb7 6. Nf3 Ne4 7. O-O Bxc3 8.
bxc3 O-O 9. Ne1 f5 10. f3 Nf6 11. Qe2 c5 12. e4 Ne8 13. d5 g6 14. Bh6 Ng7 15.
Qd2 exd5 16. cxd5 fxe4 17. fxe4 Rxf1+ 18. Bxf1 Qe7 19. Bd3 d6 20. Nf3 Nd7 21.
Rf1 Ne5 22. Nxe5 Qxe5 23. Qf2 Qe7 24. Bg5 Qf8 25. Qg3 Qb8 26. Be7 Ne8 27. Rf8+
Kg7 28. Qf4 a6 29. Qf7+ Kh6 30. Bg5+ Kxg5 31. Qf4+ 1-0

[Event "Hampshire leagues"]
[Site "?"]
[Date "1970.01.20"]
[Round "?"]
[White "O'Sullivan, B."]
[Black "Stebbings, A."]
[Result "1/2-1/2"]
[WhiteElo "1960"]
[BlackElo "2040"]
[PlyCount "76"]
[EventDate "1970.??.??"]

1. e4 Nc6 2. Nc3 e6 3. d4 d5 4. e5 Bb4 5. f4 Nge7 6. a3 Bxc3+ 7. bxc3 Na5 8. a4
b6 9. Nf3 Qd7 10. Bb5 c6 11. Bd3 c5 12. Bb5 Nac6 13. a5 a6 14. axb6 Qb7 15. Ba4
Qxb6 16. Ba3 cxd4 17. Bxc6+ Qxc6 18. cxd4 Qc3+ 19. Kf2 Qc7 20. Bd6 Qd7 21. Qd3
Nf5 22. Bb4 h5 23. Nd2 Qd8 24. Nb3 g5 25. fxg5 Qxg5 26. Bd2 Qg4 27. h3 Qg6 28.
Nc5 h4 29. Bf4 Rg8 30. Rhg1 Ng3 31. Qxg6 Rxg6 32. Ra3 Ne4+ 33. Nxe4 dxe4 34. g4
hxg3+ 35. Raxg3 Rxg3 36. Rxg3 Bb7 37. Rg8+ Kd7 38. Rxa8 Bxa8 1/2-1/2

[Event "Hampshire leagues"]
[Site "?"]
[Date "1970.01.21"]
[Round "?"]
[White "Lewis, D."]
[Black "Stebbings, A."]
[Result "1/2-1/2"]
[WhiteElo "1992"]
[BlackElo "2040"]
[PlyCount "54"]
[EventDate "1970.??.??"]

1. e4 c5 2. Nf3 Nf6 3. e5 Nd5 4. d4 cxd4 5. Qxd4 e6 6. Bc4 Nc6 7. Qd1 Nb6 8.
Bb3 d6 9. Bf4 dxe5 10. Qxd8+ Kxd8 11. Nxe5 Nxe5 12. Bxe5 f6 13. Bd4 e5 14. Be3
Bb4+ 15. Nd2 Ke7 16. O-O-O Be6 17. c3 Rac8 18. Bc2 Bc5 19. Bxc5+ Rxc5 20. Nb3
Rc7 21. Rhe1 Kf7 22. Kb1 Rhc8 23. Nd2 Nc4 24. Nxc4 Bxc4 25. Rd6 Be6 26. Red1
Ke7 27. h3 g6 1/2-1/2

[Event "Hampshire leagues"]
[Site "?"]
[Date "1970.01.28"]
[Round "?"]
[White "Stebbings, A."]
[Black "Hunt, J."]
[Result "1-0"]
[WhiteElo "2040"]
[BlackElo "1568"]
[PlyCount "95"]
[EventDate "1970.??.??"]

1. b4 a5 2. b5 d5 3. Bb2 Nf6 4. e3 Nbd7 5. Nf3 e6 6. c4 c6 7. d4 Ne4 8. Nbd2
Ndf6 9. Bd3 Nxd2 10. Qxd2 dxc4 11. Bb1 cxb5 12. Ne5 Bd6 13. a4 Bxe5 14. dxe5
Qxd2+ 15. Kxd2 Nd5 16. axb5 Bd7 17. Bc3 Nxc3 18. Kxc3 Bxb5 19. Be4 Ra7 20. Rhb1
Ba6 21. Rxa5 O-O 22. Rb6 Rd8 23. Bxb7 Rxb7 24. Raxa6 Rc7 25. Rc6 Rxc6 26. Rxc6
h6 27. Rxc4 Rd1 28. Rd4 Rg1 29. Rg4 g6 30. Kd4 Kf8 31. Ke4 Kg7 32. Kf3 Rc1 33.
Kg3 Rc5 34. Re4 f5 35. exf6+ Kxf6 36. Ra4 Rc7 37. e4 h5 38. f4 Rc3+ 39. Kh4 Re3
40. e5+ Kf5 41. h3 g5+ 42. fxg5 Kg6 43. Rf4 Rxe5 44. Rf6+ Kg7 45. Kxh5 Re2 46.
g3 Re3 47. Kg4 e5 48. h4 1-0

[Event "County match"]
[Site "?"]
[Date "1970.01.31"]
[Round "?"]
[White "Crombie, M."]
[Black "Stebbings, A."]
[Result "0-1"]
[WhiteElo "1888"]
[BlackElo "2040"]
[PlyCount "74"]
[EventDate "1970.??.??"]

1. Nf3 d5 2. d4 Nf6 3. g3 Bg4 4. Bg2 Nbd7 5. b3 e6 6. O-O c6 7. c4 Bd6 8. Bb2
O-O 9. Nbd2 Re8 10. Ne5 Bh5 11. h3 Qc7 12. f4 Rad8 13. Rc1 Qb8 14. Qc2 Bxe2 15.
Rf2 Bh5 16. g4 Bg6 17. Nxg6 hxg6 18. Rcf1 b5 19. Kh1 a5 20. c5 Bc7 21. Bc1 b4
22. Qd3 Nf8 23. f5 gxf5 24. gxf5 e5 25. dxe5 Bxe5 26. Nf3 Ne4 27. Nxe5 Nxf2+
28. Rxf2 Qxe5 29. Bf4 Qc3 30. Qa6 Re1+ 31. Rf1 Rxf1+ 32. Qxf1 Qxc5 33. Bf3 d4
34. Be4 d3 35. Qg2 Qd4 36. Bxd3 Qxd3 37. f6 Qg6 0-1

[Event "Hampshire leagues"]
[Site "?"]
[Date "1970.02.04"]
[Round "?"]
[White "O'Sullivan, B."]
[Black "Stebbings, A."]
[Result "1-0"]
[WhiteElo "1960"]
[BlackElo "2040"]
[PlyCount "45"]
[EventDate "1970.??.??"]

1. e4 e6 2. d4 d5 3. e5 b6 4. c3 Qd7 5. f4 Ba6 6. Bxa6 Nxa6 7. Nf3 c5 8. Qe2
Qa4 9. b3 Qa5 10. O-O Rc8 11. a4 cxd4 12. b4 Nxb4 13. cxb4 Bxb4 14. Nxd4 Rc4
15. Nb3 Bc5+ 16. Kh1 Qb4 17. Nxc5 bxc5 18. Nd2 Rxf4 19. Rxf4 Qxf4 20. Qb5+ Kd8
21. Qb8+ Kd7 22. Qd6+ Ke8 23. Rb1 1-0

[Event "Team match"]
[Site "Southampton"]
[Date "1970.02.11"]
[Round "?"]
[White "Shephard, C."]
[Black "Stebbings, A."]
[Result "0-1"]
[WhiteElo "1960"]
[BlackElo "2040"]
[PlyCount "100"]
[EventDate "1970.??.??"]

1. e4 e6 2. d4 d5 3. Nc3 Bb4 4. exd5 exd5 5. Bd3 Nc6 6. Nge2 Bg4 7. f3 Bh5 8.
O-O Nge7 9. Bf4 Bxc3 10. bxc3 Na5 11. Re1 O-O 12. Bg5 f6 13. Bc1 Bg6 14. Ba3
Re8 15. Nf4 Bxd3 16. cxd3 c6 17. Ne6 Qd7 18. Bb4 b6 19. Bxa5 bxa5 20. Nc5 Qd8
21. Re6 Rb8 22. Qe2 Kf7 23. Re1 Nf5 24. Rxe8 Qxe8 25. Qxe8+ Rxe8 26. Rxe8 Kxe8
27. Kf2 Nd6 28. a4 Ke7 29. g4 g5 30. f4 Nc8 31. f5 Nb6 32. Ke3 Nd7 33. Kd2 Kd6
34. Nb7+ Kc7 35. Nc5 Kd6 36. Kc2 Nxc5 37. dxc5+ Kxc5 38. Kb3 d4 39. h3 dxc3 40.
Kxc3 Kd5 41. d4 c5 42. dxc5 Kxc5 43. Kd3 Kb4 44. Kd4 Kxa4 45. Kd5 Kb5 46. Ke6
a4 47. Kxf6 a3 48. Kxg5 a2 49. Kh6 a1=Q 50. Kxh7 Qh1 0-1

[Event "Hampshire leagues"]
[Site "?"]
[Date "1970.02.11"]
[Round "?"]
[White "Stebbings, A."]
[Black "Shepherd, J."]
[Result "0-1"]
[WhiteElo "2040"]
[BlackElo "1896"]
[PlyCount "62"]
[EventDate "1970.??.??"]

1. e4 e5 2. Nc3 Nf6 3. f4 d6 4. Nf3 Nc6 5. Bc4 Be7 6. d3 Bg4 7. h3 Bxf3 8. Qxf3
Na5 9. f5 h5 10. Qg3 Nxc4 11. dxc4 c6 12. O-O Qb6+ 13. Kh2 h4 14. Qd3 O-O-O 15.
Be3 Qc7 16. Rab1 d5 17. cxd5 cxd5 18. Nb5 Qc4 19. Nxa7+ Kb8 20. Bb6 Qxd3 21.
cxd3 Rde8 22. Rfe1 Nd7 23. Bf2 d4 24. Nb5 Rc8 25. Rbc1 Nc5 26. Red1 Na4 27. b3
Rxc1 28. Rxc1 Nb2 29. Rc7 Re8 30. Rd7 Nxd3 31. Kg1 Nc5 0-1

[Event "Team match"]
[Site "Oxford"]
[Date "1970.02.21"]
[Round "?"]
[White "Burton, G."]
[Black "Stebbings, A."]
[Result "0-1"]
[WhiteElo "2160"]
[BlackElo "2040"]
[PlyCount "66"]
[EventDate "1970.??.??"]

1. e4 c5 2. Nf3 Nf6 3. d3 Nc6 4. g3 d5 5. exd5 Nxd5 6. Bg2 Bg4 7. Nbd2 e5 8. h3
Bh5 9. O-O Be7 10. g4 Bg6 11. Nc4 f6 12. Re1 Qd7 13. c3 Nc7 14. d4 cxd4 15.
cxd4 Rd8 16. Qb3 Bf7 17. Qc2 exd4 18. Bf4 O-O 19. Na5 Nd5 20. Nxc6 bxc6 21. Bg3
c5 22. Nh4 Nb4 23. Qd2 g6 24. a3 Nc6 25. Bxc6 Qxc6 26. Rxe7 c4 27. Rc7 Qb6 28.
Rc1 Qb3 29. Ng2 Rfe8 30. Nf4 Re4 31. Ne2 Qf3 32. Nc3 Ree8 33. Nb5 Bd5 0-1

[Event "London league"]
[Site "?"]
[Date "1970.02.24"]
[Round "?"]
[White "Stebbings, A."]
[Black "Dunn, R."]
[Result "1-0"]
[WhiteElo "2040"]
[BlackElo "1696"]
[PlyCount "47"]
[EventDate "1970.??.??"]

1. Nc3 Nf6 2. e4 d6 3. d4 g6 4. f4 e6 5. Nf3 Bg7 6. Be2 O-O 7. e5 Ne8 8. Ne4 d5
9. Neg5 c5 10. dxc5 Qa5+ 11. c3 Qxc5 12. Qd3 Nc6 13. b4 Qe7 14. Nxh7 Bxe5 15.
Nxf8 Nxb4 16. Qd2 Bxf4 17. Qxf4 Nc2+ 18. Kd2 Nxa1 19. Nxg6 fxg6 20. Bb2 Nf6 21.
Rxa1 e5 22. Qxe5 Ne4+ 23. Kc2 Qd8 24. c4 1-0

[Event "County match"]
[Site "?"]
[Date "1970.03.07"]
[Round "?"]
[White "Barker, J."]
[Black "Stebbings, A."]
[Result "0-1"]
[WhiteElo "1832"]
[BlackElo "2040"]
[PlyCount "88"]
[EventDate "1970.??.??"]

1. d4 Nf6 2. Nf3 c5 3. d5 e6 4. Nc3 d6 5. e4 Na6 6. dxe6 Bxe6 7. Bxa6 bxa6 8.
O-O Be7 9. e5 dxe5 10. Qe2 Bg4 11. Rd1 Qc7 12. h3 Bxf3 13. Qxf3 O-O 14. Bg5
Rab8 15. Bxf6 Bxf6 16. Nd5 Qd6 17. Rab1 Bg5 18. Qf5 f6 19. Nf4 Qc6 20. Ne6 Qc8
21. Qg4 Re8 22. Nxg5 Qxg4 23. hxg4 fxg5 24. Rd7 Red8 25. Rxa7 Rd2 26. Rxa6 Rxc2
27. Rc6 c4 28. b4 Ra8 29. b5 Raxa2 30. b6 Rxf2 31. Rc8+ Kf7 32. Rf1 Rxf1+ 33.
Kxf1 Rb2 34. Rc7+ Kg6 35. b7 c3 36. Ke1 e4 37. g3 Kf6 38. Kd1 h6 39. Ke1 e3 40.
Rxc3 Rxb7 41. Ke2 Re7 42. Rc4 Re6 43. Ra4 Kg6 44. Rb4 Kf6 0-1

[Event "London league"]
[Site "?"]
[Date "1970.03.20"]
[Round "?"]
[White "Kiernan, M."]
[Black "Stebbings, A."]
[Result "1-0"]
[WhiteElo "2056"]
[BlackElo "2040"]
[PlyCount "141"]
[EventDate "1970.??.??"]

1. e4 c5 2. Nf3 Nc6 3. d4 cxd4 4. Nxd4 g6 5. c4 Nf6 6. Nc3 Nxd4 7. Qxd4 d6 8.
f3 Bg7 9. Be3 O-O 10. Qd2 Be6 11. Be2 Qa5 12. O-O Rfc8 13. Rac1 Bxc4 14. Nd5
Qxd2 15. Nxe7+ Kf8 16. Bxd2 Bxe2 17. Rxc8+ Rxc8 18. Nxc8 Bxf1 19. Kxf1 Ne8 20.
b3 a6 21. Bg5 Bd4 22. Be7+ Kg7 23. Nxd6 Nxd6 24. Bxd6 Kf6 25. Ke2 Ke6 26. Kd3
Bb6 27. Bf4 f6 28. Be3 Bc7 29. g3 h5 30. Kc4 Bb8 31. a4 Bd6 32. f4 Bb8 33. b4
Bd6 34. Bd4 Bb8 35. a5 Bc7 36. Bc5 h4 37. Be3 hxg3 38. hxg3 Bd6 39. g4 Bc7 40.
f5+ gxf5 41. gxf5+ Ke7 42. Kd5 Bg3 43. Bd4 Bb8 44. Kc4 Kf7 45. Kc5 Ba7+ 46. Kd5
Bb8 47. Bc5 Bf4 48. Bd4 Bb8 49. Be3 Ke7 50. Bc5+ Kd7 51. Bf8 Ba7 52. e5 fxe5
53. Kxe5 b6 54. axb6 Bxb6 55. Kf6 a5 56. bxa5 Bxa5 57. Kg6 Ke8 58. Bh6 Bd8 59.
Bg7 Be7 60. Bf6 Bd6 61. Bg5 Be5 62. Bh6 Ke7 63. Bg7 Bd6 64. f6+ Ke6 65. f7 Be7
66. Bh6 Bd6 67. Kg7 Be7 68. Kg8 Bd6 69. Bf8 Bf4 70. Bb4 Bh6 71. Bd2 1-0

[Event "Tournament: Southend Open"]
[Site "?"]
[Date "1970.03.27"]
[Round "?"]
[White "Stebbings, A."]
[Black "Hughes, P."]
[Result "0-1"]
[WhiteElo "2040"]
[BlackElo "1800"]
[PlyCount "56"]
[EventDate "1970.??.??"]

1. d4 f5 2. Bg5 d6 3. e3 g6 4. h4 Bg7 5. h5 h6 6. hxg6 hxg5 7. Rxh8 Bxh8 8. Qh5
Bg7 9. Nf3 Nf6 10. Qxg5 e6 11. Nbd2 Nc6 12. O-O-O Bd7 13. c4 Qe7 14. Bd3 Ng4
15. Rf1 O-O-O 16. d5 Qxg5 17. Nxg5 exd5 18. Nf7 Re8 19. cxd5 Nce5 20. Nxe5 Nxe5
21. Bc2 Nxg6 22. g4 Ne7 23. gxf5 Nxf5 24. Rg1 Bf6 25. Rg6 Bh4 26. e4 Nd4 27. f4
Ne2+ 28. Kd1 Nxf4 0-1

[Event "Tournament: Southend Open"]
[Site "?"]
[Date "1970.03.29"]
[Round "?"]
[White "Stebbings, A."]
[Black "Bulford, M."]
[Result "1/2-1/2"]
[WhiteElo "2040"]
[BlackElo "2128"]
[PlyCount "122"]
[EventDate "1970.??.??"]

1. Nc3 d5 2. d4 Nf6 3. Bg5 Bf5 4. f3 Nbd7 5. Nxd5 Nxd5 6. e4 h6 7. Bh4 g5 8.
Bf2 e6 9. exd5 exd5 10. c3 Qf6 11. Bd3 O-O-O 12. Ne2 Bd6 13. Qc2 Bg6 14. Bg3
Nf8 15. Bxd6 Rxd6 16. O-O-O Ne6 17. Rde1 Kb8 18. Rhf1 Rc8 19. Bxg6 fxg6 20. g3
Rf8 21. Qd1 Ng7 22. f4 Re8 23. fxg5 Qxg5+ 24. Qd2 Qxd2+ 25. Kxd2 Rde6 26. Nf4
Rf6 27. Nxd5 Rxf1 28. Rxf1 c6 29. Rf7 cxd5 30. Rxg7 Re6 31. Kd3 Kc8 32. g4 g5
33. Rh7 Ra6 34. a3 Rb6 35. b4 Rf6 36. Re7 Rf3+ 37. Re3 Rf4 38. h3 b5 39. Re5
Rf3+ 40. Re3 Rf6 41. Re5 Rd6 42. h4 gxh4 43. Rh5 Kc7 44. Ke3 Rc6 45. Kd3 Rd6
46. Rxh4 Re6 47. Rh5 Kd6 48. Rf5 Kc6 49. Rf7 a6 50. Ra7 Kb6 51. Rd7 Kc6 52. Rg7
Kb6 53. Rg8 Kc7 54. Kc2 Rd6 55. Kb3 Rd8 56. Rxd8 Kxd8 57. Kc2 Ke7 58. Kd3 Kf6
59. Ke3 Kg5 60. Kf3 Kf6 61. Kf4 Ke6 1/2-1/2